Humanizmusra nevelés az általános iskolában
Elmentve itt :
| Szerző: | |
|---|---|
| További közreműködők: | |
| Dokumentumtípus: | Szakdolgozat |
| Megjelent: |
1990
|
| Tárgyszavak: | |
| Online Access: | http://diploma.bibl.u-szeged.hu/114202 |
| LEADER | 00610nta a2200181 i 4500 | ||
|---|---|---|---|
| 001 | dipl114202 | ||
| 005 | 20210430061335.0 | ||
| 008 | 210430s1990 hu om 0|| zxx d | ||
| 040 | |a SZTE Diploma Repozitórium |b hun | ||
| 041 | |a zxx | ||
| 100 | 1 | |a Farkas Mihályné | |
| 245 | 1 | 0 | |a Humanizmusra nevelés az általános iskolában |h [elektronikus dokumentum] / |c Mihályné Farkas |
| 260 | |c 1990 | ||
| 650 | 4 | |a Pedagógusképzés | |
| 650 | 4 | |a Social sciences | |
| 650 | 4 | |a Sociology | |
| 700 | 1 | |a Gácser József |e ths | |
| 856 | 4 | 0 | |u http://diploma.bibl.u-szeged.hu/id/eprint/114202/1/1990_farkas_mihalyne.pdf |z Dokumentum-elérés |